| 000 | 00944nam0a22002411 4500 | ||
|---|---|---|---|
| 001 | rc\292352 | ||
| 005 | 20260407045621.0 | ||
| 035 | _a(NLR Aleph) 005523473 | ||
| 090 |
_a5533005 _c5533005 |
||
| 100 | _a20030307d1990 |||y0rusy50 ca | ||
| 101 | 0 | _arus | |
| 102 | _aRU | ||
| 105 | _ay ||||||||| | ||
| 200 | 1 | _aИнструкция по противокоррозионной защите металлоконструкций полимерно-пластичной композицией | |
| 210 |
_aЧеркассы _cБ. и. _d1990 |
||
| 215 |
_a[1], 7 с. _d20 |
||
| 225 | 1 |
_aСерия "Противокоррозионная защита" _fВНИИ по защите металлов от коррозии |
|
| 712 | 0 | 2 |
_aВНИИ по защите металлов от коррозии _9534859 _3RU\NLR\AUTH\8810018507 |
| 801 | 0 |
_aRU _bNLR _gpsbo |
|
| 801 | 1 |
_aRU _bELAR _2rusmarc |
|
| 852 |
_aNLR _j90-4/10387 |
||
| 942 | _cBOOK | ||
| 980 | _aNB | ||